| 000 | 00516nam a2200181Ia 4500 | ||
|---|---|---|---|
| 999 |
_c1689 _d1689 |
||
| 003 | OSt | ||
| 005 | 20210121114556.0 | ||
| 008 | 190216s9999||||xx |||||||||||||| ||und|| | ||
| 020 | _a8189253180 | ||
| 040 | _coclc | ||
| 082 |
_a576.58 _bSIS/E |
||
| 100 |
_a Sisodia, Rashmi _98331 |
||
| 245 | 0 |
_aEvolution And Population Genetics / _cRashmi Sisodia |
|
| 260 |
_bPragon Publication, _aNew Delhi: _c2006. |
||
| 300 | _a364p | ||
| 650 | _aBotany | ||
| 942 |
_cBK _2ddc _h576.58 _iSIS/E _k576.58 _mSIS/E |
||